000 00517cab a2200193 4500
001 X1059
008 090401t1993 xxu||||| |||| 00| 0 eng d
035 _a(Sirsi) u14483
041 _aeng
245 _aReinventor of the RICS - Clive Lewis
260 _c1993
350 _a0
490 _aArchitects` Journal
_v14(198) 13 October 1993, 22-23
650 _aPRESIDENTIAL ADDRESS
650 _aRICS PRESIDENT
690 _aMANAGEMENT-BUSINESS MANAGEMENT-PROFESSIONAL PRACTICE
942 _n0
948 _c04/03/1997
999 _c9441
_d9441